01424cam a22003617a 4500003000500000005001700005008004100022010001000063011001000073035001000083040000900093090001000102100003800112245016200150260004300312300002000355502011200375590003700487590004100524590004100565590004100606590004100647590004200688650003000730650003500760650003300795901000700828905002400835942001000859949004900869999001700918952012700935CHAP20220329142456.0010530d2000 mx r 00110 spa d a84007 a84979 a95505 cCHAP aTesis00aVázquez Cruz, Leonardo.912033210aProducción forrajera de la leguminosa conchita azul (Clitoria ternatea) en tres métodos de siembra, en Huehuetán, Chiapasc/por Leonardo Vázquez Cruz aHuehuetán, Chis. :bEl autor,c2000. a51 h. :btablas aTesis (Ing. Agr. Tropical) -- Universidad Autónoma de Chiapas. Facultad de Ciencias Agrícolas Campus IV aALEPHb10c20130110lUCH01h1442 aBATCH-UPDb10c20130110lUCH01h0600 aBATCH-UPDb10c20130110lUCH01h2334 aBATCH-UPDb10c20130410lUCH01h1623 aBATCH-UPDb10c20130914lUCH01h0950 aCONVERSIONb10c20130109lUCH01h134714aClitoria ternatea.92388014aLeguminosas forrajeras.96586814aLeguminosaszChiapas.965859 aBK aMayto Villalobos S. cTESIS aTesisbBCcTESd955051eTS1h38053i95505sb c84007d84007 00102local4051708TESISaBCbBCcPA_TESISd2019-12-31fTESISl0oTesisp955051r2019-12-31 00:00:00w2019-12-31yTESIS